Rulfo y Arreola : (Record no. 190531)
[ view plain ]
| 000 -LEADER | |
|---|---|
| campo de control de longitud fija | 01515nam a2200337 i 4500 |
| 001 - NÚMERO DE CONTROL | |
| campo de control | 190531 |
| 003 - IDENTIFICADOR DE NÚMERO DE CONTROL | |
| campo de control | ES-MaACL |
| 005 - FECHA Y HORA DE LA ÚLTIMA TRANSACCIÓN | |
| campo de control | 20250724221245.0 |
| 008 - DATOS DE LONGITUD FIJA--INFORMACIÓN GENERAL | |
| campo de control de longitud fija | 210819s2010 mx 001 0 spa d |
| 020 ## - NÚMERO INTERNACIONAL ESTÁNDAR DEL LIBRO | |
| Número Internacional Estándar del Libro | 978-607-7798-15-6 |
| 080 ## - NÚMERO DE LA CLASIFICACIÓN DECIMAL UNIVERSAL | |
| Número de la Clasificación Decimal Universal | 821.134.2(72) Rulfo, Juan 1.07 |
| 080 ## - NÚMERO DE LA CLASIFICACIÓN DECIMAL UNIVERSAL | |
| Número de la Clasificación Decimal Universal | 821.134.2(72) Arreola, Juan José 1.07 |
| 100 1# - ENTRADA PRINCIPAL--NOMBRE DE PERSONA | |
| Nombre de persona | Vázquez, Felipe. |
| 9 (RLIN) | 166674 |
| 245 10 - MENCIÓN DEL TÍTULO | |
| Título | Rulfo y Arreola : |
| Resto del título | desde los márgenes del texto / |
| Mención de responsabilidad, etc. | Felipe Vázquez. |
| 250 ## - MENCION DE EDICION | |
| Mención de edición | 1ª ed. |
| 260 ## - PUBLICACIÓN, DISTRIBUCIÓN, ETC. | |
| Lugar de publicación, distribución, etc. | Benito Juaréz, DF [México] : |
| Nombre del editor, distribuidor, etc. | UACM, Universidad Autónoma de la Ciudad de México, |
| Fecha de publicación, distribución, etc. | 2010. |
| 300 ## - DESCRIPCIÓN FÍSICA | |
| Extensión | 293 p. ; |
| Dimensiones | 22 cm. |
| 490 1# - MENCIÓN DE SERIE | |
| Mención de serie | Al margen |
| 504 ## - NOTA DE BIBLIOGRAFÍA, ETC. | |
| Nota de bibliografía, etc. | Bibliografía: p. 271-290. |
| 505 8# - NOTA DE CONTENIDO CON FORMATO | |
| Nota de contenido con formato | Contiene: Arreola y el género varia invención ; Francisco A. Flores, Juan José Arreola y "El himen en México" ; Rulfo y los avatares de la edición crítica ; Rulfo y Arreola: de la fraternidad a la discordia |
| 600 14 - PUNTO DE ACCESO ADICIONAL DE MATERIA--NOMBRE DE PERSONA | |
| Nombre de persona | Rulfo, Juan ( |
| Fechas asociadas al nombre | 1917-1986)- |
| Subdivisión general | Crítica e interpretación. |
| 9 (RLIN) | 173453 |
| 600 14 - PUNTO DE ACCESO ADICIONAL DE MATERIA--NOMBRE DE PERSONA | |
| Nombre de persona | Arreola, Juan José- |
| Subdivisión general | Crítica e interpretación. |
| 9 (RLIN) | 173351 |
| 600 14 - PUNTO DE ACCESO ADICIONAL DE MATERIA--NOMBRE DE PERSONA | |
| Nombre de persona | Flores y Troncoso, Francisco de Asís, |
| Fechas asociadas al nombre | ca. 1855-1931 |
| 9 (RLIN) | 173352 |
| 710 2# - ENTRADA AGREGADA--NOMBRE DE ENTIDAD CORPORATIVA | |
| Nombre de entidad corporativa o nombre de jurisdicción como elemento de entrada | Universidad Autónoma de la Ciudad de México. |
| 9 (RLIN) | 173353 |
| 830 1# - PUNTO DE ACCESO ADICIONAL DE SERIE-TÍTULO UNIFORME | |
| Título uniforme | Al margen |
| 9 (RLIN) | 177798 |
| 852 4# - LOCALIZACIÓN | |
| Ubicación | ES-MaACL |
| Número de control de estantería | A-14739 |
| itemnumber | 197709 |
| Sublocalización o colección | R.151767 |
| Ubicación en estantería | Depósito 1 |
| Signatura antigua | Olim: N-7739 |
| Donativo/Legado | Donación: Raúl Morales |
| 903 ## - NOMBRE PERSONAL DE DONANTE | |
| 9 | 166683 |
| a | Morales Góngora, Raúl |
| e | Donante |
| 942 ## - ELEMENTOS DE ENTRADA SECUNDARIOS (KOHA) | |
| Fuente del sistema de clasificación o colocación | Clasificación decimal universal |
| Tipo de ítem Koha | Libro impreso |
| Estatus retirado | Estado de pérdida | Fuente del sistema de clasificación o colocación | Estado de daño | No para préstamo | Biblioteca de origen | Biblioteca actual | Ubicación en estantería | Fecha de adquisición | Fuente de adquisición | Total de préstamos | Signatura topográfica completa | Código de barras | Visto por última vez | Precio de reemplazo | Tipo de ítem Koha |
|---|---|---|---|---|---|---|---|---|---|---|---|---|---|---|---|
| Clasificación decimal universal | Biblioteca del Ateneo de Madrid | Biblioteca del Ateneo de Madrid | Depósito 1 | 19/08/2021 | Donación | A-14739 | 1202654 | 23/02/2023 | 23/02/2023 | Libro impreso |
